00360nam a2200097Ia 4500245002400000100007600024942000700100008004100107999001900148952009500167 0aVer land van vrede  a LEROUX-VAN DER BOON, Marzanne Pretoria, 1988 Grootdrukuitg 962134 cBK210818s9999 xx 000 0 und d c447358d447357 00104070aSABILbSABILd2021-08-23g90.00l0p33228013250707r2021-08-23w2021-08-23yBK